| 000 | 00726cam a2200265 4500 | ||
|---|---|---|---|
| 001 | J2883 | ||
| 008 | 090401t1994 xxu||||| |||| 00| 0 eng d | ||
| 035 | _a(Sirsi) u51657 | ||
| 041 | _aeng | ||
| 050 | _a352.1 | ||
| 100 | _aKwakye, A. A. | ||
| 245 | _aMarket Testing and the Construction Professional. | ||
| 260 |
_aAscot Berks. _bChartered Institute of Building _c1994 |
||
| 300 | _a12p. ; 30cm. | ||
| 350 | _a0 | ||
| 490 |
_aConstruction Papers _v39 |
||
| 650 | _aCCT | ||
| 650 | _aCOMPULSIVE COMPETITIVE TENDERING | ||
| 650 | _aCONSTRUCTION PROFESSIONALS | ||
| 650 | _aMARKET TESTING | ||
| 690 | _aBUILT ENVIRONMENT | ||
| 710 |
_aChartered Institute of Building _92134 |
||
| 942 | _n0 | ||
| 948 | _c04/03/1997 | ||
| 999 |
_c92928 _d92928 |
||